000 01104nam a22003137a 4500
005 20110118122141.0
008 110118t xxu||||| |||| 00| 0 eng d
010 _aENG-101898
020 _a9780071070249
_c350.00
035 _aEN-85431
037 _bDBAD/PUB
040 _adpl
_bEng
082 _a302.34
100 _aGalanes, Gloria J.
_925318
245 _aEffective group discussion :
_cby Gloria Galanes [and] Katherine Adams
_btheory and practice /
246 _a12th ed
260 _aNew Delhi
_bTata McGraw Hill
_c2010
270 _a7 West Patel Nagar
_bNew Delhi
_e110008
300 _axvii, 473 p. :
_c24cm (pbk)
_bill.
500 _aIncludes index.
650 _925319
_aSmall groups.
650 _925343
_aCommunication in small groups.
650 _925349
_aGroup problem solving.
650 _aDiscussion.
_925356
700 _925321
_aAdams, Katherine
700 _925322
942 _2ddc
_cEN
_h302.34
_mGAL
999 _c49887
_d49887